Insurgentes : Guatemala, la paz arrancada /

Uloženo v:
Podrobná bibliografie
Hlavní autor: Santa Cruz Mendoza, Santiago (autor)
Médium: Kniha
Jazyk:španělština
Vydáno: México : Santiago, Chile : Era ; LOM, 2006, c2006
Témata:
Tagy: Přidat tag
Žádné tagy, Buďte první, kdo vytvoří štítek k tomuto záznamu!

MARC

LEADER 00000nam^a2200000^a^4500
001 000189891
005 20250521000000.0
009 20260310102429.35
020 |a 968-411-635-7 
037 |a Acervo ITESO - Biblioteca 
041 |a ESP 
082 |a 320. 9728105  |b SAN 
100 |a Santa Cruz Mendoza, Santiago  |e (autor) 
245 1 0 |a Insurgentes :  |b Guatemala, la paz arrancada /  |c S. Santa Cruz Mendoza. 
264 4 |a México :  |b Era ;  |a Santiago, Chile :  |b LOM,  |c 2006, c2006 
300 |a 357 p. 
336 |a texto  |b txt  |2 rdacontenido 
337 |a sin mediación  |b n  |2 rdamedio 
338 |a volumen  |b nc  |2 rdasoporte 
649 |a XX 
650 |a Revolucionarios Guatemaltecos -  |x Memorias 
650 |a Guerrilla -  |z Guatemala -  |x Tema Principal 
650 |a Guerra Civil -  |z Guatemala 
650 |a Guerra y Paz -  |z Guatemala 
650 |a Violencia Política -  |z Guatemala 
650 |a Movimientos Sociales -  |z Guatemala 
650 |a Negociación y Mediación Política -  |z Guatemala 
650 |a Cooperación Internacional -  |z Guatemala 
650 |a Política -  |z Guatemala -  |x Historia -  |y Siglo XX 
650 |a Política -  |z Guatemala -  |x Historia -  |y 1996-2000 
650 |a Guatemala -  |x Historia -  |y Siglo XX 
650 |a Guatemala -  |x Historia -  |y 1996-2000 
650 |a Guatemala -  |x Condiciones Políticas 
910 |a Fondo General 
920 |a Impresos - Libros 
930 |a Colección General 
905 |a 101 
901 |a 0500133253  |b IT1  |c ACC  |u 20250521 
902 |a https://opac.biblio.iteso.mx/vufind/Record/000189891